Statistiken für Stadien Spaniens und Portugals

Klicken Sie hier um das Quiz zu spielen!

Allgemein

  • Dieses Quiz wurde 56 mal gespielt
  • Das Durchschnittsergebnis liegt bei 9 aus 20

Antwortstatistiken

HintAntwort% Korrekt
Santiago BernabéuReal Madrid
98%
Camp NouFC Barcelona
96%
Estádio da LuzBenfica Lissabon
80%
Estádio do DragãoFC Porto
71%
Estádio Municipal de BragaSporting Braga
67%
Estadio MetropolitanoAtletico Madrid
65%
Estadio Ramón Sánchez PizjuánFC Sevilla
59%
Estádio José Alvalade XXISporting CP
55%
San MamésAtletic Bilbao
51%
Estadio MestallaFC Valencia
47%
El Madrigal (Estadio de la Cerámica)FC Villarreal
41%
Estadio Benito VillamarínBetis Sevilla
37%
Estadi Cornellà-El Prat (RCDE Stadium)Espanyol Barcelona
37%
Estadio AnoetaReal Sociedad
27%
La RosaledaFC Malaga
20%
Estadio Municipal de RiazorDeportivo La Coruna
12%
Estadi de Son MoixRCD Mallorca
12%
Estádio Dom Afonso HenriquesVitoria Guimares
12%
Nuevo Estadio Municipal José ZorrillaReal Valladolid
10%
Estadio BalaídosCelta Vigo
8%

Verteilung der Resultate

Perzentil nach korrekt beantworteten Fragen

Anzahl Personen mit jedem Resultat

Ihre Resultats-Entwicklung

Sie haben dieses Quiz noch nicht gespielt